235 mẫu hợp đồng mới nhất áp dụng trong giao dịch kinh doanh năm 2010 kinh tế, thương mại, nhà ở, đầu tư, xây dựng, lao động, tiền lương, bảo hiểm xã hội
Đã lưu trong:
| Formáid: | Leabhar |
|---|---|
| Teanga: | Vietnamese |
| Foilsithe: |
H.
Lao động
2010
|
| Ábhair: | |
| Clibeanna: |
Cuir Clib Leis
Gan Chlibeanna, Bí ar an gcéad duine leis an taifead seo a chlibeáil!
|
| Thư viện lưu trữ: | Trung tâm Học liệu Lê Vũ Hùng, Trường Đại học Đồng Tháp |
|---|
| LEADER | 01044pam a22003018a 4500 | ||
|---|---|---|---|
| 001 | 00025736 | ||
| 005 | 20171026081022.0 | ||
| 008 | 110811s2010 ||||||viesd | ||
| 020 | |c 298000 | ||
| 041 | 0 | # | |a vie |
| 082 | 1 | 4 | |a 346.597 |b H103TR |
| 245 | 0 | 0 | |a 235 mẫu hợp đồng mới nhất áp dụng trong giao dịch kinh doanh năm 2010 |b kinh tế, thương mại, nhà ở, đầu tư, xây dựng, lao động, tiền lương, bảo hiểm xã hội |
| 260 | # | # | |a H. |b Lao động |c 2010 |
| 300 | # | # | |a 510 tr. |c 28 cm. |
| 650 | # | 4 | |a Hợp đồng |
| 653 | # | # | |a kinh tế |
| 653 | # | # | |a bảo hiểm xã hội |
| 653 | # | # | |a lao động |
| 653 | # | # | |a đầu tư |
| 653 | # | # | |a xây dựng |
| 653 | # | # | |a mẫu |
| 653 | # | # | |a nhà ở |
| 653 | # | # | |a thương mại |
| 653 | # | # | |a tiền lương |
| 852 | # | # | |j KD.0010525 |
| 852 | # | # | |b Kho đọc |j KD.0010525 |
| 910 | |d 11/08/2011 | ||
| 980 | # | # | |a Trung tâm Học liệu Lê Vũ Hùng, Trường Đại học Đồng Tháp |